JAVA and Object Oriented Programming Paradigm (Record no. 1298)
[ view plain ]
| 000 -LEADER | |
|---|---|
| fixed length control field | 00336nam a2200133Ia 4500 |
| 008 - FIXED-LENGTH DATA ELEMENTS--GENERAL INFORMATION | |
| fixed length control field | 191201s2005 xx 000 0 und d |
| 082 ## - DEWEY DECIMAL CLASSIFICATION NUMBER | |
| Classification number | 005.133 |
| Item number | JAJ |
| 100 ## - MAIN ENTRY--PERSONAL NAME | |
| Personal name | JANA, Debashish |
| 245 #0 - TITLE STATEMENT | |
| Title | JAVA and Object Oriented Programming Paradigm |
| 260 ## - PUBLICATION, DISTRIBUTION, ETC. (IMPRINT) | |
| Place of publication, distribution, etc | N.Delhi |
| Name of publisher, distributor, etc | PHI |
| Date of publication, distribution, etc | 2005 |
| 300 ## - PHYSICAL DESCRIPTION | |
| Extent | 636 |
| 650 ## - SUBJECT ADDED ENTRY--TOPICAL TERM | |
| Topical term or geographic name as entry element | B.Tech(CSE) |
| 942 ## - ADDED ENTRY ELEMENTS (KOHA) | |
| Source of classification or shelving scheme | Dewey Decimal Classification |
| Koha item type | Text Books |
| Withdrawn status | Lost status | Source of classification or shelving scheme | Damaged status | Not for loan | Collection code | Home library | Current library | Date acquired | Source of acquisition | Cost, normal purchase price | Bill Number | Total Checkouts | Full call number | Acc. no. / Barcode | Date last seen | Date last borrowed | Bill Date | Koha item type |
|---|---|---|---|---|---|---|---|---|---|---|---|---|---|---|---|---|---|---|
| Dewey Decimal Classification | B.Tech(CSE) | PIET C-LIBRARY | PIET C-LIBRARY | 13/08/2005 | UBS, DELHI | 395.00 | 125382 | 2 | 005.133 JAJ | 1963 | 03/01/2022 | 29/12/2021 | 18/08/2005 | Text Books | ||||
| Dewey Decimal Classification | B.Tech(CSE) | PIET C-LIBRARY | PIET C-LIBRARY | 13/08/2005 | UBS, DELHI | 395.00 | 125382 | 6 | 005.133 JAJ | 1964 | 18/09/2025 | 04/09/2025 | 18/08/2005 | Text Books | ||||
| Dewey Decimal Classification | B.Tech(CSE) | PIET C-LIBRARY | PIET C-LIBRARY | 13/08/2005 | UBS, DELHI | 395.00 | 125382 | 6 | 005.133 JAJ | 1965 | 17/10/2025 | 06/10/2025 | 18/08/2005 | Text Books |